000 01386nam a2200313 a 4500
001 ebr10255053
003 CaPaEBR
006 m u
007 cr cn|||||||||
008 080108s2008 enka sb 101 0 eng
010 _z 2008000626
020 _z9781845933968 (alk. paper)
040 _aCaPaEBR
_cCaPaEBR
035 _a(OCoLC)271690567
050 1 4 _aQL472
_b.R69 2008eb
082 0 4 _a595.7176
_222
110 2 _aRoyal Entomological Society of London.
_bSymposium
_n(24th :
_d2007 :
_cUniversity of Edinburgh)
245 1 0 _aAquatic insects
_h[electronic resource] :
_bchallenges to populations : proceedings of the Royal Entomological Society's 24th symposium /
_cedited by Jill Lancaster and Rob A. Briers.
260 _aWallingford, Oxfordshire ;
_aCambridge, MA :
_bCABI International,
_cc2008.
300 _ax, 332 p. :
_bill.
504 _aIncludes bibliographical references and index.
533 _aElectronic reproduction.
_bPalo Alto, Calif. :
_cebrary,
_d2013.
_nAvailable via World Wide Web.
_nAccess may be limited to ebrary affiliated libraries.
650 0 _aAquatic insects
_vCongresses.
655 7 _aElectronic books.
_2local
700 1 _aLancaster, Jill.
700 1 _aBriers, Rob A.
710 2 _aebrary, Inc.
856 4 0 _uhttp://site.ebrary.com/lib/rucke/Doc?id=10255053
_zAn electronic book accessible through the World Wide Web; click to view
999 _c34199
_d34199